000 00670nam a2200229Ia 4500
003 OSt
005 20251224110317.0
008 241129s9999||||xx |||||||||||||| ||und||
020 _a9780745344874
037 _cGeneral Book
040 _aRTL
_beng
_cRTL
041 _aeng
_2eng
084 _aY:3(S:55) R2
_qRTL
100 _aBown Alfie
_9725144
245 0 _aDream lovers: the gamification of relationships
260 _aLondon
_bPluto Press
_c2022
300 _avi,151 p.
_bIncludes bibliographical references and index.
365 _aINR
_b1715.99
650 _aSociology
_9859247
942 _cGB
_hY:3(S:55) R2
_2CC
_n0
999 _c1224784
_d1224784